| 000 | 00747nam a22002177a 4500 | ||
|---|---|---|---|
| 008 | 170622s2015 gw||||| |||| 00| 0 eng d | ||
| 082 | 0 | 4 |
_a701.18 _bB458p |
| 100 | 1 |
_aBenda, Václav. _95834 |
|
| 245 | 1 | 4 |
_aThe parallel polis / _cVáclav Benda y Fred Dewey ; selección por Second Culture Press. |
| 246 | 0 | 3 | _aA polis for new conditions sections I-III |
| 250 | _a1a ed. | ||
| 260 |
_aAmsterdam, Países Bajos : _bSecond Culture Press, _c2015. |
||
| 300 |
_a50 páginas : _bilustraciones. |
||
| 440 | 0 |
_aSecond Culture Press _95835 |
|
| 653 | 1 | 0 | _aFilosofía del arte |
| 653 | 1 | 0 | _aArte conceptual |
| 653 | 1 | 0 | _aEnsayos |
| 653 | 1 | 0 | _aConcepto teorético |
| 653 | 1 | 0 | _aOrganizaciones artísticas independientes |
| 700 | 1 |
_aDewey, Fred. _95836 |
|
| 999 |
_c1207 _d1207 |
||